| 000 | 00842pam a2200289 i 4500 | ||
|---|---|---|---|
| 001 | 15262 | ||
| 003 | BD-RjUL | ||
| 005 | 20211208235800.0 | ||
| 008 | 140209s1977 nyua b 001 0 eng | ||
| 020 | _a007024216X | ||
| 035 | _a(BD-RjUL)15316 | ||
| 040 |
_aDLC _cDLC _dBD-RjUL _beng |
||
| 041 | _aeng | ||
| 082 | 0 | 0 |
_a658.15 _bGRA 1977 |
| 100 | 1 |
_aGray, Jack C., _d1931- _947036 |
|
| 245 | 1 | 0 |
_aAccounting and management action / _cJack Gray, Kenneth S. Johnston. |
| 250 | _a2d ed. | ||
| 260 |
_aNew York : _bMcGraw-Hill, _cc1977. |
||
| 300 |
_axviii, 749 p. : _bill. ; _c25 cm. |
||
| 500 | _aIncludes index. | ||
| 504 | _aBibliography: p. [739] | ||
| 650 | 0 |
_aManagerial accounting. _947447 |
|
| 700 | 1 |
_aJohnston, Kenneth Stanton, _ejoint author. _947448 |
|
| 942 |
_2ddc _cBK |
||
| 999 |
_c15262 _d15262 |
||